Sports Quiz

Random Sports or Cricket Quiz
Score 0/33 Timer 04:00
0 Plays Today
# of Tests with Phillip Hughes Player Name % Correct
25Michael Clarke
98.1%
18Mitchell Johnson
95.1%
20Brad Haddin
93.9%
9David Warner
93%
15Ricky Ponting
90.7%
16Shane Watson
90.2%
23Peter Siddle
89.6%
13Nathan Lyon
89.2%
20Michael Hussey
86.6%
7Steven Smith
85.6%
7Mitchell Starc
83.9%
7Ryan Harris
77.1%
7Usman Khawaja
75.2%
6Matthew Wade
75.2%
2Chris Rogers
75%
9Ben Hilfenhaus
73.1%
6Simon Katich
72%
# of Tests with Phillip Hughes Player Name % Correct
3Shaun Marsh
70.6%
7James Pattinson
65.2%
6Marcus North
65.2%
2Ashton Agar
65%
8Ed Cowan
63.4%
4Nathan Hauritz
63.3%
2Doug Bollinger
59.5%
1Patrick Cummins
58.9%
2Xavier Doherty
58%
1Michael Beer
53.8%
2Glen Maxwell
43.4%
2Jackson Bird
40.7%
3Andrew McDonald
34.7%
1Bryce McGain
33%
3Moises Henriques
32.6%
3Trent Copeland
29.4%
Remove Ads.
Support Sporcle.
Get the best of Sporcle when you Go Orange. This ad-free experience offers more features, more stats, and more fun while also helping to support Sporcle. Thank you for becoming a member.

You're not logged in!

Compare scores with friends on all Sporcle quizzes.
OR
Log In

Show Comments

Extras

Top Quizzes Today


Score Distribution

Your Account Isn't Verified!

In order to create a playlist on Sporcle, you need to verify the email address you used during registration. Go to your Sporcle Settings to finish the process.

Report this User

Report this user for behavior that violates our Community Guidelines.

Details: